| 000 | 00820cab a2200229 4500 | ||
|---|---|---|---|
| 001 | WB2738-53 | ||
| 008 | 090401t1991 xxu||||| |||| 00| 0 eng d | ||
| 035 | _a(Sirsi) u1855 | ||
| 041 | _aeng | ||
| 245 | _aEstate agents | ||
| 260 | _c1991 | ||
| 350 | _a0 | ||
| 490 |
_aProperty Finance Report (BH&S) _v(44) September 1991, 6(2) |
||
| 520 | _aReview of the round of annual reports from the quoted estate agents, Baker Harris, Debenham Tewson and Chinnocks, de Morgan, Fletcher King, Herring Son and Daw and Savills, which show that the previous property year was worse than expected. | ||
| 650 | _aANNUAL REPORTS | ||
| 650 | _aCOMMERCIAL AGENTS | ||
| 650 | _aESTATE AGENTS | ||
| 650 | _aQUOTED COMPANIES | ||
| 690 | _aMANAGEMENT-BUSINESS MANAGEMENT-PROFESSIONAL PRACTICE | ||
| 942 | _n0 | ||
| 948 | _c04/03/1997 | ||
| 999 |
_c1076 _d1076 |
||